<?xml version="1.0" encoding="UTF-8"?><?xml-stylesheet type="text/xsl" href="static/style.xsl"?><OAI-PMH xmlns="http://www.openarchives.org/OAI/2.0/" xmlns:xsi="http://www.w3.org/2001/XMLSchema-instance" xsi:schemaLocation="http://www.openarchives.org/OAI/2.0/ http://www.openarchives.org/OAI/2.0/OAI-PMH.xsd"><responseDate>2026-06-01T06:16:41Z</responseDate><request verb="GetRecord" identifier="oai:riuma.uma.es:10630/19801" metadataPrefix="marc">https://riuma.uma.es/rest/oai/request</request><GetRecord><record><header><identifier>oai:riuma.uma.es:10630/19801</identifier><datestamp>2026-02-03T12:23:15Z</datestamp><setSpec>com_10630_2254</setSpec><setSpec>col_10630_37959</setSpec></header><metadata><record xmlns="http://www.loc.gov/MARC21/slim" xmlns:dcterms="http://purl.org/dc/terms/" xmlns:doc="http://www.lyncode.com/xoai" xmlns:xsi="http://www.w3.org/2001/XMLSchema-instance" xsi:schemaLocation="http://www.loc.gov/MARC21/slim http://www.loc.gov/standards/marcxml/schema/MARC21slim.xsd">
   <leader>00925njm 22002777a 4500</leader>
   <datafield ind2=" " ind1=" " tag="042">
      <subfield code="a">dc</subfield>
   </datafield>
   <datafield ind2=" " ind1=" " tag="720">
      <subfield code="a">Luo Chen, Hao Qiang</subfield>
      <subfield code="e">author</subfield>
   </datafield>
   <datafield ind2=" " ind1=" " tag="720">
      <subfield code="a">Álvarez-Merino, Carlos Simón</subfield>
      <subfield code="e">author</subfield>
   </datafield>
   <datafield ind2=" " ind1=" " tag="720">
      <subfield code="a">Khatib, Emil Jatib</subfield>
      <subfield code="e">author</subfield>
   </datafield>
   <datafield ind2=" " ind1=" " tag="720">
      <subfield code="a">Barco-Moreno, Raquel</subfield>
      <subfield code="e">author</subfield>
   </datafield>
   <datafield ind2=" " ind1=" " tag="260">
      <subfield code="c">2020-09-18</subfield>
   </datafield>
   <datafield ind2=" " ind1=" " tag="520">
      <subfield code="a">New generations of mobile networks are developed to serve the increasing user and devices connected to the networks. However, the management of these networks has a need of automation, due to the also growing  complexity.  Self-Organizing Network  (SON)  was  conceived  to  fulfil  the  automation  of  network management, within which troubleshooting is located under Self-Healing (SH). The current tendency is the use of Artificial Intelligence (AI) algorithms that are trained using Machine Learning (ML). This training requires a considerable amount of data. Anyway, the reluctance of operators to sharing their data with the  research  community causes a scarcity of data representing degradations that  can  be  used  for  the development and training of ML algorithms. In this paper a method to solve this data sample limitation is proposed.  In  the  first  place,  the method  divides  the  data  into  time  categories  to  create  models which preserve the time characteristics. Afterwards, it applies statistical copulas to adapt the models into new ones maintaining statistical relationships. Finally, the method returns synthetic data that can be an input for ML. As an example, the data from a real mobile network is processed.</subfield>
   </datafield>
   <datafield ind1="8" ind2=" " tag="024">
      <subfield code="a">https://hdl.handle.net/10630/19801</subfield>
   </datafield>
   <datafield tag="653" ind2=" " ind1=" ">
      <subfield code="a">Sistemas de comunicaciones móviles</subfield>
   </datafield>
   <datafield tag="653" ind2=" " ind1=" ">
      <subfield code="a">Aprendizaje automático (Inteligencia artificial)</subfield>
   </datafield>
   <datafield ind2="0" ind1="0" tag="245">
      <subfield code="a">Time-dependent KPI generation based on Copula</subfield>
   </datafield>
</record>
</metadata></record></GetRecord></OAI-PMH>